Symposium la internacional cuir : (Record no. 1218)
[ view plain ]
| 000 -LEADER | |
|---|---|
| campo de control de longitud fija | 01516nam a22002657a 4500 |
| 008 - DATOS DE LONGITUD FIJA--INFORMACIÓN GENERAL | |
| campo de control de longitud fija | 170705s2016 ag||||| |||| 00| 0 spa d |
| 082 04 - NÚMERO DE LA CLASIFICACIÓN DECIMAL DEWEY | |
| Número de clasificación | 707 |
| Número de ítem | M921s |
| 100 1# - ENTRADA PRINCIPAL--NOMBRE DE PERSONA | |
| Nombre de persona | Motta, Carlos. |
| 9 (RLIN) | 5849 |
| 245 10 - MENCIÓN DEL TÍTULO | |
| Título | Symposium la internacional cuir : |
| Resto del título | la indecencia y el futuro de la teología / |
| Mención de responsabilidad, etc. | Carlos Motta ; Museo de Arte Latinoamericano de Buenos Aires (MALBA). |
| 246 03 - FORMA VARIANTE DEL TITULO | |
| Título propio/Titulo breve | Requiem . |
| 250 ## - MENCION DE EDICION | |
| Mención de edición | 1a edición. |
| 260 ## - PUBLICACIÓN, DISTRIBUCIÓN, ETC. | |
| Lugar de publicación, distribución, etc. | Buenos Aires, Argentina : |
| Nombre del editor, distribuidor, etc. | MALBA, |
| Fecha de publicación, distribución, etc. | 2016. |
| 300 ## - DESCRIPCIÓN FÍSICA | |
| Extensión | 26 páginas : |
| Otras características físicas | ilustraciones. |
| 500 ## - NOTA GENERAL | |
| Nota general | Simposio contó con la participación de los teólogos Linn Tonstad, Hugo Córdoba-Quero, los artistas Ron Athey, Cecilia Campuzano y el académico Javier Saénz, realizado el 15 y 19 de octubre, y 4 de noviembre, en el Museo de Arte Latinoamericano de Buenos Aires (MALBA). |
| 500 ## - NOTA GENERAL | |
| Nota general | Requiem es una coproducción y Associazione Culturale Dello Scompiglio, en colaboración de la teóloga Linn Tonstad, los performances Stefano Laforgia y Andrea Ropes, el cantate Ernesto Tomasini por la comisión de Angel Moya García y Eugenio Viola; curaduría por Agustín Pérez-Rubio. |
| 500 ## - NOTA GENERAL | |
| Nota general | Requiem es una coproducción y Associazione Culturale Dello Scompiglio, en colaboración de la teóloga |
| 653 10 - TÉRMINO DE INDIZACIÓN--NO CONTROLADO | |
| Término no controlado | Arte contemporáneo |
| 653 10 - TÉRMINO DE INDIZACIÓN--NO CONTROLADO | |
| Término no controlado | Arte - Simposios |
| 653 10 - TÉRMINO DE INDIZACIÓN--NO CONTROLADO | |
| Término no controlado | Teología |
| 653 10 - TÉRMINO DE INDIZACIÓN--NO CONTROLADO | |
| Término no controlado | Arte - Investigación |
| 653 10 - TÉRMINO DE INDIZACIÓN--NO CONTROLADO | |
| Término no controlado | Performance |
| 653 10 - TÉRMINO DE INDIZACIÓN--NO CONTROLADO | |
| Término no controlado | Diferencias sexuales |
| 653 10 - TÉRMINO DE INDIZACIÓN--NO CONTROLADO | |
| Término no controlado | Género |
| 710 1# - ENTRADA AGREGADA--NOMBRE DE ENTIDAD CORPORATIVA | |
| Nombre de entidad corporativa o nombre de jurisdicción como elemento de entrada | Museo de Arte Latinoamericano de Buenos Aires (MALBA). |
| 9 (RLIN) | 5850 |
| Estatus retirado | Estado de pérdida | Fuente del sistema de clasificación o colocación | Estado de daño | No para préstamo | Biblioteca de origen | Biblioteca actual | Ubicación en estantería | Fecha de adquisición | Total de préstamos | Signatura topográfica completa | Código de barras | Visto por última vez | Fecha del último préstamo | Precio de reemplazo | Tipo de ítem Koha |
|---|---|---|---|---|---|---|---|---|---|---|---|---|---|---|---|
| Clasificación Decimal Dewey | Biblioteca LadoV | Biblioteca LadoV | 05/07/2017 | 1 | 707 M921s | 004331 | 04/08/2018 | 22/06/2018 | 05/07/2017 | Material 01 |
